000 00589nam a2200181 i 4500
001 91449
003 ES-MaACL
007 t|
008 050131s1904 fr ||||1| fre d
100 1 _aLévy, Albert.
_971992
245 1 3 _aLa philosophie de Fenerbach et son influence sur la littérature allemande /
_cpar Albert Lévy.
260 _aParís :
_bFélix Alcan,
_c1904.
300 _aXXVIII, 544 p. ;
_c22 cm.
490 1 _aBibliothèque de philosophie contemporaine
830 0 _aBibliothèque de philosophie contemporaine
_9181027
852 _aES-MaACL
_jB-6840
999 _c91449
_d91449